Hemp lime construction (Record no. 115987)

MARC details
000 -LEADER
fixed length control field 01424cad a22003255a 4500
001 - CONTROL NUMBER
control field L159547
008 - FIXED-LENGTH DATA ELEMENTS--GENERAL INFORMATION
fixed length control field 160318s2008 xxk f 000 0 eng d
020 ## - INTERNATIONAL STANDARD BOOK NUMBER
International Standard Book Number 9781848060333
035 ## - SYSTEM CONTROL NUMBER
System control number (Sirsi) u159547
041 0# - LANGUAGE CODE
Language code of text/sound track or separate title eng
050 04 - LIBRARY OF CONGRESS CALL NUMBER
Classification number 693.997 $2 18
100 1# - MAIN ENTRY--PERSONAL NAME
Personal name Bewan, R.
110 2# - MAIN ENTRY--CORPORATE NAME
Corporate name or jurisdiction name as entry element Building Research Establishment
245 00 - TITLE STATEMENT
Title Hemp lime construction
Remainder of title a guide to building with hemp lime composites
260 ## - PUBLICATION, DISTRIBUTION, ETC.
Place of publication, distribution, etc. Watford
Name of publisher, distributor, etc. BRE
Date of publication, distribution, etc. 2008
300 ## - PHYSICAL DESCRIPTION
Extent 120p.
490 #0 - SERIES STATEMENT
Series statement BRE
Volume/sequential designation EP 85
520 ## - SUMMARY, ETC.
Summary, etc. Hemp lime is a composite construction material that can be used for walls, insulation of roofs and floors and as part of timber-framed buildings. It provides very good thermal and acoustic performance, and offers a genuinely zero-carbon contribution to sustainable construction. Hemp masonry is breathable and is able to absorb and emit moisture, leading to much healthier buildings. Comprehensive guidance on using this novel material for housing and low-rise buildings is given for the first time in this book, which is full of practical information on materials, design and construction.
590 ## - LOCAL NOTE (RLIN)
Local note KA
650 24 - SUBJECT ADDED ENTRY--TOPICAL TERM
Topical term or geographic name entry element HEMP LIME
650 24 - SUBJECT ADDED ENTRY--TOPICAL TERM
Topical term or geographic name entry element HEMP
650 24 - SUBJECT ADDED ENTRY--TOPICAL TERM
Topical term or geographic name entry element COMPOSITE MATERIALS
650 24 - SUBJECT ADDED ENTRY--TOPICAL TERM
Topical term or geographic name entry element Building materials and defects
651 #4 - SUBJECT ADDED ENTRY--GEOGRAPHIC NAME
Geographic name United Kingdom
690 ## - LOCAL SUBJECT ADDED ENTRY--TOPICAL TERM (OCLC, RLIN)
Topical term or geographic name as entry element Sustainability
9 (RLIN) 6271
700 1# - ADDED ENTRY--PERSONAL NAME
Personal name Woolley, T.
700 1# - ADDED ENTRY--PERSONAL NAME
Personal name Chisholm, Alastair
700 1# - ADDED ENTRY--PERSONAL NAME
Personal name Benwell, Richard
942 ## - ADDED ENTRY ELEMENTS (KOHA)
Suppress in OPAC 0
Holdings
Withdrawn status Lost status Source of classification or shelving scheme Damaged status Not for loan Home library Current library Shelving location Date acquired Total Checkouts Full call number Barcode Date last seen Copy number Price effective from Koha item type
    Dewey Decimal Classification     London London BRE publications 30/08/2017   ENQUIRY DESK 159547-1001 06/08/2019 1 06/08/2019 Reference material